| 000 -LEADER |
| fixed length control field |
00734nam a22002417a 4500 |
| 001 - CONTROL NUMBER |
| control field |
19227 |
| 003 - CONTROL NUMBER IDENTIFIER |
| control field |
BD-DhUAP |
| 005 - DATE AND TIME OF LATEST TRANSACTION |
| control field |
20210123160359.0 |
| 008 - FIXED-LENGTH DATA ELEMENTS--GENERAL INFORMATION |
| fixed length control field |
210123|2011 bg 000 0 eng |
| 022 ## - INTERNATIONAL STANDARD SERIAL NUMBER |
| International Standard Serial Number |
10156836 |
| 040 ## - CATALOGING SOURCE |
| Original cataloging agency |
DLC |
| Transcribing agency |
DLC |
| Modifying agency |
BD-DhUAP |
| Language of cataloging |
Eng |
| 082 ## - DEWEY DECIMAL CLASSIFICATION NUMBER |
| Classification number |
052 JOU |
| Edition number |
23 |
| 245 10 - TITLE STATEMENT |
| Title |
Diamond Jubilee volume (1956-2011) / |
| Statement of responsibility, etc. |
edited by Harun-or-Rashid and Sabbir Ahmed. |
| 260 ## - PUBLICATION, DISTRIBUTION, ETC. |
| Place of publication, distribution, etc. |
Dacca : |
| Name of publisher, distributor, etc. |
Asiatic Society of Bangladesh, |
| Date of publication, distribution, etc. |
c2011. |
| 300 ## - PHYSICAL DESCRIPTION |
| Extent |
573 pages ; |
| Dimensions |
24 cm. |
| 490 ## - SERIES STATEMENT |
| Series statement |
Journal of the Asiatic Society of Bangladesh, 56. |
| 650 ## - SUBJECT ADDED ENTRY--TOPICAL TERM |
| Topical term or geographic name entry element |
Periodicals. |
| 650 ## - SUBJECT ADDED ENTRY--TOPICAL TERM |
| Topical term or geographic name entry element |
Asiatic Society of Bangladesh. |
| 650 ## - SUBJECT ADDED ENTRY--TOPICAL TERM |
| Topical term or geographic name entry element |
Oriental philology. |
| 700 ## - ADDED ENTRY--PERSONAL NAME |
| Personal name |
Harun-or-Rashid. |
| 700 ## - ADDED ENTRY--PERSONAL NAME |
| Personal name |
Ahmed, Sabbir. |
| 942 ## - ADDED ENTRY ELEMENTS (KOHA) |
| Source of classification or shelving scheme |
|
| Koha item type |
Book |